[Event "Satka Autumn 2018"]
[Site "Satka"]
[Date "2018.09.19"]
[Round "9"]
[White "Stroganova, Karina"]
[Black "Skobochkina, Maria"]
[Result "1/2-1/2"]
[WhiteElo "1711"]
[BlackElo "1294"]
[Annotator "NA RC"]
[PlyCount "101"]
[EventDate "2018.09.11"]
[EventType "swiss"]
[EventCountry "RUS"]
[SourceTitle "playchess.com"]
[Source "ChessBase"]
[SourceQuality "1"]
[TimeControl "40/5400+30:1800+30"]

1. d4 {[%emt 0:00:00]} d5 {[%emt 0:00:00]} 2. Nf3 {[%emt 0:00:00]} Nf6 {[%emt 0:00:00]} 3. Bf4 {[%emt 0:00:00]} Bf5 {[%emt 0:00:16]} 4. e3 {[%emt 0:00:00]} c6 {[%emt 0:00:26]} 5. Nbd2 {[%emt 0:00:41]} e6 {[%emt 0:00:31]} 6. Ne5 {[%emt 0:00:06]} Be7 {[%emt 0:01:08]} 7. h3 {[%emt 0:00:16]} Nbd7 {[%emt 0:01:12]} 8. Ndf3 {[%emt 0:00:09]} O-O {[%emt 0:01:00]} 9. Nh4 {[%emt 0:01:16]} Bg6 {[%emt 0:01:45]} 10. Nhxg6 {[%emt 0:00:17]} hxg6 {[%emt 0:00:16]} 11. Bd3 {[%emt 0:00:15]} Ne4 {[%emt 0:03:02]} 12. f3 {[%emt 0:00:55]} Bh4+ {[%emt 0:01:21]} 13. g3 {[%emt 0:00:04]} Nxg3 {[%emt 0:00:55]} 14. Bxg3 {[%emt 0:00:33]} Bxg3+ {[%emt 0:00:07]} 15. Kd2 {[%emt 0:00:09]} Nxe5 {[%emt 0:02:37]} 16. dxe5 {[%emt 0:00:06]} Bxe5 {[%emt 0:00:11]} 17. c3 {[%emt 0:00:20]} Qb6 {[%emt 0:01:49]} 18. Rb1 {[%emt 0:01:02]} c5 {[%emt 0:02:58]} 19. f4 {[%emt 0:01:02]} Bf6 {[%emt 0:00:53]} 20. h4 {[%emt 0:01:11]} Rfd8 {[%emt 0:04:08]} 21. h5 {[%emt 0:02:19]} gxh5 {[%emt 0:01:24]} 22. Qxh5 {[%emt 0:04:32]} Kf8 {[%emt 0:01:39]} 23. f5 {[%emt 0:03:48]} e5 {[%emt 0:02:39]} 24. Kc2 {[%emt 0:02:27]} c4 {[%emt 0:03:20]} 25. Be2 {[%emt 0:05:03]} Qxe3 {[%emt 0:02:35]} 26. Rbe1 {[%emt 0:02:55]} Qe4+ {[%emt 0:07:00]} 27. Kc1 {[%emt 0:00:53]} Qf4+ {[%emt 0:04:39]} 28. Kb1 {[%emt 0:00:33]} Qg5 {[%emt 0:01:37]} 29. Qh3 {[%emt 0:00:54]} Qf4 {[%emt 0:05:08]} 30. Bf3 {[%emt 0:02:10]} e4 {[%emt 0:03:46]} 31. Rhf1 {[%emt 0:00:51]} Qd6 {[%emt 0:02:33]} 32. Rh1 {[%emt 0:02:14]} Qb6 {[%emt 0:04:44]} 33. Bxe4 {[%emt 0:01:21]} dxe4 {[%emt 0:04:12]} 34. Rxe4 {[%emt 0:00:24]} g6 {[%emt 0:02:19]} 35. fxg6 {[%emt 0:00:38]} Bg7 {[%emt 0:02:11]} 36. gxf7 {[%emt 0:03:11]} Rd2 {[%emt 0:02:19]} 37. Re8+ {[%emt 0:00:42]} Rxe8 {[%emt 0:01:55]} 38. fxe8=Q+ {[%emt 0:00:14]} Kxe8 {[%emt 0:00:42]} 39. Qh5+ {[%emt 0:02:44]} Kf8 {[%emt 0:02:00]} 40. Qf5+ {[%emt 0:00:00]} Kg8 {[%emt 0:00:00]} 41. Qc8+ {[%emt 0:16:43]} Rd8 {[%emt 0:09:07]} 42. Qxc4+ {[%emt 0:00:06]} Kf8 {[%emt 0:00:56]} 43. Rf1+ {[%emt 0:01:19]} Bf6 {[%emt 0:01:20]} 44. Qf4 {[%emt 0:01:00]} Ke7 {[%emt 0:01:20]} 45. Qe4+ {[%emt 0:01:28]} Kf7 {[%emt 0:02:24]} 46. Qh7+ {[%emt 0:00:12]} Kf8 {[%emt 0:01:00]} 47. Qh6+ {[%emt 0:08:20]} Kf7 {[%emt 0:00:41]} 48. Qh5+ {[%emt 0:03:05]} Kf8 {[%emt 0:00:27]} 49. Qg6 {[%emt 0:00:43]} Ke7 {[%emt 0:00:27]} 50. Qh7+ {[%emt 0:01:36]} Kf8 {[%emt 0:00:06]} 51. Qh6+ {[%emt 0:04:33]} 1/2-1/2

[Event "Satka Autumn 2018"]
[Site "Satka"]
[Date "2018.09.19"]
[Round "9"]
[White "Sosnina, Nadezhda"]
[Black "Kilina, Elizaveta"]
[Result "1-0"]
[WhiteElo "1659"]
[BlackElo "1226"]
[Annotator "NA RC"]
[PlyCount "106"]
[EventDate "2018.09.11"]
[EventType "swiss"]
[EventCountry "RUS"]
[SourceTitle "playchess.com"]
[Source "ChessBase"]
[SourceQuality "1"]
[TimeControl "40/5400+30:1800+30"]

1. e4 {[%emt 0:00:00]} e5 {[%emt 0:00:00]} 2. Nf3 {[%emt 0:00:00]} Nc6 {[%emt 0:00:00]} 3. Bb5 d6 {[%emt 0:00:00]} 4. d4 {[%emt 0:00:00]} exd4 {[%emt 0:00:00]} 5. Nxd4 {[%emt 0:00:00]} Bd7 {[%emt 0:00:01]} 6. O-O {[%emt 0:00:03]} g6 {[%emt 0:00:39]} 7. Re1 {[%emt 0:02:07]} Bg7 {[%emt 0:00:47]} 8. c3 {[%emt 0:00:08]} Nge7 {[%emt 0:03:27]} 9. Na3 {[%emt 0:11:04]} O-O {[%emt 0:08:25]} 10. Bg5 {[%emt 0:00:38]} Nxd4 {[%emt 0:20:52]} 11. cxd4 {[%emt 0:00:23]} Bxb5 {[%emt 0:04:03]} 12. Nxb5 {[%emt 0:00:04]} a6 {[%emt 0:00:07]} 13. Nc3 {[%emt 0:00:12]} Qd7 {[%emt 0:00:54]} 14. Rc1 {[%emt 0:00:41]} f6 {[%emt 0:15:00]} 15. Bh4 {[%emt 0:09:05]} g5 {[%emt 0:04:13]} 16. Bg3 {[%emt 0:00:08]} f5 {[%emt 0:00:45]} 17. exf5 {[%emt 0:01:59]} Nxf5 {[%emt 0:01:14]} 18. Nd5 {[%emt 0:08:15]} Rac8 {[%emt 0:03:55]} 19. Qg4 {[%emt 0:01:31]} Qf7 {[%emt 0:02:54]} 20. Qxf5 {[%emt 0:21:18]} Qxf5 {[%emt 0:01:29]} 21. Ne7+ {[%emt 0:00:39]} Kh8 {[%emt 0:03:14]} 22. Nxf5 {[%emt 0:00:51]} Rxf5 {[%emt 0:00:16]} 23. Re4 {[%emt 0:11:29]} Rd5 {[%emt 0:05:43]} 24. Re6 {[%emt 0:10:58]} Bxd4 {[%emt 0:07:16]} 25. Rxd6 {[%emt 0:01:23]} Bxf2+ {[%emt 0:05:59]} 26. Kf1 {[%emt 0:03:36]} Rxd6 {[%emt 0:00:23]} 27. Bxd6 {[%emt 0:00:06]} Bb6 {[%emt 0:00:54]} 28. g4 {[%emt 0:02:36]} Kg7 {[%emt 0:05:33]} 29. Kg2 {[%emt 0:00:48]} c5 {[%emt 0:00:45]} 30. Re1 {[%emt 0:01:06]} Rc6 {[%emt 0:02:07]} 31. Bg3 {[%emt 0:01:47]} Kf7 {[%emt 0:00:31]} 32. Re5 {[%emt 0:01:20]} Bd8 {[%emt 0:01:28]} 33. Rd5 {[%emt 0:01:14]} Ke8 {[%emt 0:02:46]} 34. Re5+ {[%emt 0:01:58]} Kf7 {[%emt 0:00:28]} 35. Bf2 {[%emt 0:01:50]} b6 {[%emt 0:00:46]} 36. Rd5 {[%emt 0:00:17]} Ke8 {[%emt 0:00:27]} 37. Be3 {[%emt 0:01:14]} h6 {[%emt 0:00:24]} 38. Re5+ {[%emt 0:00:05]} Kf7 {[%emt 0:00:30]} 39. Rd5 {[%emt 0:00:32]} Ke7 {[%emt 0:00:31]} 40. Kf3 {[%emt 0:00:00]} Rd6 {[%emt 0:00:00]} 41. Re5+ {[%emt 0:02:37]} Re6 {[%emt 0:01:07]} 42. Rd5 {[%emt 0:00:31]} Rf6+ {[%emt 0:01:59]} 43. Ke2 {[%emt 0:00:40]} Bc7 {[%emt 0:00:44]} 44. h3 {[%emt 0:00:33]} Ke6 {[%emt 0:02:14]} 45. Rd1 {[%emt 0:00:28]} Bf4 {[%emt 0:07:29]} 46. Bf2 {[%emt 0:09:23]} Ke7 {[%emt 0:02:55]} 47. Rd5 {[%emt 0:00:50]} Rd6 {[%emt 0:02:13]} 48. Rd3 {[%emt 0:02:33]} Ke6 {[%emt 0:00:50]} 49. Rb3 {[%emt 0:01:59]} Ke5 {[%emt 0:04:30]} 50. Kf3 {[%emt 0:00:50]} c4 {[%emt 0:11:39]} 51. Rxb6 {[%emt 0:00:16]} Rd3+ {[%emt 0:00:07]} 52. Kg2 {[%emt 0:00:19]} Rd2 {[%emt 0:00:15]} 53. Kf1 {[%emt 0:04:47]} Ke4 1-0

[Event "Satka Autumn 2018"]
[Site "Satka"]
[Date "2018.09.19"]
[Round "9"]
[White "Telelyukhina, Elizaveta"]
[Black "Mirgalina, Anna"]
[Result "1-0"]
[WhiteElo "1403"]
[BlackElo "1339"]
[Annotator "NA RC"]
[PlyCount "79"]
[EventDate "2018.09.11"]
[EventType "swiss"]
[EventCountry "RUS"]
[SourceTitle "playchess.com"]
[Source "ChessBase"]
[SourceQuality "1"]
[TimeControl "40/5400+30:1800+30"]

1. Nf3 {[%emt 0:00:00]} c5 {[%emt 0:00:00]} 2. c4 {[%emt 0:00:00]} Nf6 {[%emt 0:00:00]} 3. e3 {[%emt 0:00:00]} e6 {[%emt 0:01:00]} 4. b3 {[%emt 0:00:11]} Be7 {[%emt 0:01:36]} 5. Bb2 {[%emt 0:00:13]} b6 {[%emt 0:00:58]} 6. Be2 {[%emt 0:00:39]} Bb7 {[%emt 0:00:17]} 7. O-O {[%emt 0:00:21]} O-O {[%emt 0:02:09]} 8. d4 {[%emt 0:00:16]} d5 {[%emt 0:02:27]} 9. Nbd2 {[%emt 0:00:31]} Nbd7 {[%emt 0:03:58]} 10. h3 {[%emt 0:01:39]} Qc7 {[%emt 0:01:41]} 11. Rc1 {[%emt 0:00:27]} Qd8 {[%emt 0:01:38]} 12. cxd5 {[%emt 0:00:42]} Nxd5 {[%emt 0:02:55]} 13. Nc4 {[%emt 0:00:43]} Rc8 {[%emt 0:05:06]} 14. dxc5 {[%emt 0:02:47]} Bxc5 {[%emt 0:02:32]} 15. Nd4 {[%emt 0:05:15]} N7f6 {[%emt 0:02:26]} 16. Bf3 {[%emt 0:05:10]} Ba8 {[%emt 0:05:34]} 17. Qe2 {[%emt 0:11:17]} Qe7 {[%emt 0:09:20]} 18. Qe1 {[%emt 0:12:49]} Rfd8 {[%emt 0:02:57]} 19. Be2 {[%emt 0:01:16]} Ne4 {[%emt 0:11:11]} 20. Nc2 {[%emt 0:01:54]} Nb4 {[%emt 0:03:34]} 21. a3 {[%emt 0:02:38]} Nxc2 {[%emt 0:03:44]} 22. Rxc2 {[%emt 0:00:15]} b5 {[%emt 0:09:50]} 23. Nd2 {[%emt 0:00:50]} b4 {[%emt 0:01:35]} 24. a4 {[%emt 0:01:14]} Qg5 {[%emt 0:01:58]} 25. Nf3 {[%emt 0:03:05]} Qe7 {[%emt 0:05:51]} 26. Ne5 {[%emt 0:07:32]} Ng3 {[%emt 0:06:15]} 27. Rxc5 {[%emt 0:01:35]} Nxe2+ {[%emt 0:00:26]} 28. Qxe2 {[%emt 0:00:25]} Qxc5 {[%emt 0:00:17]} 29. Qg4 {[%emt 0:01:25]} Qf8 {[%emt 0:02:08]} 30. h4 {[%emt 0:05:26]} Bd5 {[%emt 0:00:16]} 31. h5 {[%emt 0:02:42]} f6 {[%emt 0:00:15]} 32. Nf3 {[%emt 0:01:00]} Bxb3 {[%emt 0:00:50]} 33. Nh4 {[%emt 0:00:32]} Rd5 {[%emt 0:01:02]} 34. f4 {[%emt 0:00:40]} Qf7 {[%emt 0:00:42]} 35. f5 {[%emt 0:00:46]} exf5 {[%emt 0:00:16]} 36. Nxf5 {[%emt 0:00:18]} Bc2 {[%emt 0:01:25]} 37. Nh6+ {[%emt 0:00:27]} Kf8 {[%emt 0:01:17]} 38. Nxf7 {[%emt 0:00:09]} Rc7 {[%emt 0:00:20]} 39. Qe6 Bb3 {[%emt 0:01:49]} 40. Ng5 {[%emt 0:00:00]} 1-0